[Event "22. Torneo San Viator"]
[Site "Madrid ESP"]
[Date "2014.05.25"]
[Round "8.34"]
[White "Perez Carballeira, Francisco"]
[Black "Enriquez Pastor, Jorge"]
[Result "1/2-1/2"]
[WhiteElo "1606"]
[BlackElo "1401"]
[PlyCount "53"]
[EventDate "2014.03.23"]
[EventType "swiss"]
[EventRounds "9"]
[EventCountry "ESP"]
[SourceTitle "Ajedrez en Madrid"]
[Source "lmi"]
[SourceDate "2014.03.23"]
[SourceVersion "1"]
[SourceVersionDate "2014.07.21"]
[SourceQuality "1"]

1. d4 f5 2. c4 Nf6 3. Nc3 e6 4. Bg5 Be7 5. e3 c6 6. Bd3 d5 7. Nge2 Nbd7 8. cxd5
cxd5 9. Rc1 a6 10. O-O O-O 11. f3 b5 12. a3 Nb6 13. Bh4 Nc4 14. Bxc4 bxc4 15.
Nf4 Ne8 16. Bf2 Rb8 17. Qd2 Bd6 18. Nfe2 Nc7 19. e4 fxe4 20. fxe4 Be7 21. Be3
Bb7 22. exd5 exd5 23. Bf4 Bf6 24. Ng3 Rc8 25. Rce1 Nb5 26. Be5 Bxe5 27. Rxe5
1/2-1/2

[Event "22. Torneo San Viator"]
[Site "Madrid ESP"]
[Date "2014.05.25"]
[Round "8.35"]
[White "Barragan Arriaza, Pablo"]
[Black "Ramos Pinto, Jose Maria"]
[Result "0-1"]
[WhiteElo "1361"]
[BlackElo "1599"]
[PlyCount "68"]
[EventDate "2014.03.23"]
[EventType "swiss"]
[EventRounds "9"]
[EventCountry "ESP"]
[SourceTitle "Ajedrez en Madrid"]
[Source "lmi"]
[SourceDate "2014.03.23"]
[SourceVersion "1"]
[SourceVersionDate "2014.07.21"]
[SourceQuality "1"]

1. c4 c5 2. g3 Nf6 3. Bg2 e6 4. Nc3 d5 5. cxd5 exd5 6. d3 Nc6 7. Bf4 a6 8. Rc1
Be7 9. Nf3 b5 10. a3 Bb7 11. O-O O-O 12. Ne5 Rc8 13. Nxc6 Bxc6 14. Qd2 Qd7 15.
Rfd1 Qb7 16. Bg5 d4 17. Bxc6 Qxc6 18. Na2 Qe6 19. b4 c4 20. dxc4 Ne4 21. Qxd4
Bxg5 22. f4 Rfd8 23. Qe3 Bf6 24. h3 Rxc4 25. Rxd8+ Bxd8 26. Rd1 Bb6 27. Kg2 f5
28. Qb3 Qc6 29. Kh2 Kf8 30. Qf3 Rc2 31. Qb3 Rxe2+ 32. Kh1 Nf2+ 33. Kg1 Nxd1+
34. Kf1 Qg2# 0-1

[Event "22. Torneo San Viator"]
[Site "Madrid ESP"]
[Date "2014.05.25"]
[Round "8.39"]
[White "Mosteiro Montoro, Alvaro"]
[Black "Ortega Palacios, Alejandro"]
[Result "0-1"]
[WhiteElo "1654"]
[BlackElo "1467"]
[PlyCount "32"]
[EventDate "2014.03.23"]
[EventType "swiss"]
[EventRounds "9"]
[EventCountry "ESP"]
[SourceTitle "Ajedrez en Madrid"]
[Source "lmi"]
[SourceDate "2014.03.23"]
[SourceVersion "1"]
[SourceVersionDate "2014.07.21"]
[SourceQuality "1"]

1. d4 d5 2. c4 c6 3. Nc3 Nf6 4. Nf3 e6 5. e3 Nbd7 6. Bd3 Be7 7. Qc2 h6 8. b3
O-O 9. O-O c5 10. Ne2 b6 11. cxd5 Nxd5 12. Bd2 Bb7 13. e4 N5f6 14. Be3 Rc8 15.
Qd2 Nxe4 16. Bxe4 Bxe4 0-1

[Event "22. Torneo San Viator"]
[Site "Madrid ESP"]
[Date "2014.05.25"]
[Round "8.40"]
[White "Insua Rodriguez, Antonio"]
[Black "Charles Soria, Alberto"]
[Result "1/2-1/2"]
[WhiteElo "1497"]
[BlackElo "1646"]
[PlyCount "28"]
[EventDate "2014.03.23"]
[EventType "swiss"]
[EventRounds "9"]
[EventCountry "ESP"]
[SourceTitle "Ajedrez en Madrid"]
[Source "lmi"]
[SourceDate "2014.03.23"]
[SourceVersion "1"]
[SourceVersionDate "2014.07.21"]
[SourceQuality "1"]

1. Nc3 e5 2. Nf3 Nc6 3. d4 exd4 4. Nxd4 d5 5. Bf4 a6 6. e3 Nf6 7. a3 Bd6 8.
Nxc6 bxc6 9. Bg5 Be7 10. Be2 O-O 11. O-O a5 12. a4 Ba6 13. Rb1 h6 14. Bh4 Bxe2
1/2-1/2

[Event "22. Torneo San Viator"]
[Site "Madrid ESP"]
[Date "2014.05.25"]
[Round "8.42"]
[White "Lopez Mijail, Nicolas"]
[Black "Estebanez Cuesta, Alfredo"]
[Result "0-1"]
[WhiteElo "1389"]
[BlackElo "1578"]
[PlyCount "46"]
[EventDate "2014.03.23"]
[EventType "swiss"]
[EventRounds "9"]
[EventCountry "ESP"]
[SourceTitle "Ajedrez en Madrid"]
[Source "lmi"]
[SourceDate "2014.03.23"]
[SourceVersion "1"]
[SourceVersionDate "2014.07.21"]
[SourceQuality "1"]

1. e4 e5 2. Nf3 d6 3. d4 exd4 4. Nxd4 Nf6 5. Nc3 Be7 6. h3 O-O 7. Bc4 a6 8. a4
Bd7 9. O-O c5 10. Nb3 Nc6 11. f4 Qc8 12. Kh2 Qc7 13. Qe2 Rae8 14. Qf3 Nb4 15.
g4 Nxc2 16. g5 Nxe4 17. Nxe4 Nxa1 18. Nxa1 Bc6 19. Nf6+ Bxf6 20. Qg3 Bd4 21.
Nb3 Bxa4 22. Nxd4 cxd4 23. b3 Bb5 0-1

[Event "22. Torneo San Viator"]
[Site "Madrid ESP"]
[Date "2014.05.25"]
[Round "8.47"]
[White "Bermejo Jimenez, Adolfo"]
[Black "Gutierrez Chamorro, Alejandro"]
[Result "0-1"]
[WhiteElo "1442"]
[BlackElo "1555"]
[PlyCount "43"]
[EventDate "2014.03.23"]
[EventType "swiss"]
[EventRounds "9"]
[EventCountry "ESP"]
[SourceTitle "Ajedrez en Madrid"]
[Source "lmi"]
[SourceDate "2014.03.23"]
[SourceVersion "1"]
[SourceVersionDate "2014.07.21"]
[SourceQuality "1"]

1. e4 e6 2. d4 d5 3. e5 c5 4. Bb5+ Nc6 5. Bxc6+ bxc6 6. Be3 Qb6 7. b3 Bd7 8.
Ne2 cxd4 9. Bxd4 c5 10. Bb2 Ne7 11. O-O Nf5 12. a4 Be7 13. Qd2 O-O 14. a5 Qc7
15. Rd1 Rab8 16. f4 c4 17. Nd4 Nxd4 18. Bxd4 cxb3 19. cxb3 Rxb3 20. Rc1 Qb7 21.
a6 Qa8 22. Qc2 0-1

[Event "22. Torneo San Viator"]
[Site "Madrid ESP"]
[Date "2014.05.25"]
[Round "8.48"]
[White "Jimenez Sanchez, Juan Daniel"]
[Black "Porris Rebollar, Ivan"]
[Result "0-1"]
[WhiteElo "1367"]
[BlackElo "1529"]
[PlyCount "44"]
[EventDate "2014.03.23"]
[EventType "swiss"]
[EventRounds "9"]
[EventCountry "ESP"]
[SourceTitle "Ajedrez en Madrid"]
[Source "lmi"]
[SourceDate "2014.03.23"]
[SourceVersion "1"]
[SourceVersionDate "2014.07.21"]
[SourceQuality "1"]

1. d4 d5 2. c4 e6 3. Nf3 Nf6 4. g3 Be7 5. Bg2 O-O 6. O-O b6 7. Qc2 Bb7 8. Nbd2
c5 9. Re1 Nbd7 10. Ng5 cxd4 11. b3 Rc8 12. e4 dxe3 13. Rxe3 d4 14. Re1 Bxg2 15.
Kxg2 Rc5 16. Ndf3 Qa8 17. Ne4 Nxe4 18. Rxe4 Ne5 19. Ba3 Nxf3 20. Bxc5 bxc5 21.
Kxf3 f5 22. Rae1 fxe4+ 0-1

[Event "22. Torneo San Viator"]
[Site "Madrid ESP"]
[Date "2014.05.25"]
[Round "8.49"]
[White "Cuerda Montagud, Tomas"]
[Black "Ojosnegros Martin, Angel"]
[Result "0-1"]
[WhiteElo "1342"]
[BlackElo "1514"]
[PlyCount "90"]
[EventDate "2014.03.23"]
[EventType "swiss"]
[EventRounds "9"]
[EventCountry "ESP"]
[SourceTitle "Ajedrez en Madrid"]
[Source "lmi"]
[SourceDate "2014.03.23"]
[SourceVersion "1"]
[SourceVersionDate "2014.07.21"]
[SourceQuality "1"]

1. e4 e5 2. Nf3 Nc6 3. d4 exd4 4. Nxd4 Bc5 5. Nxc6 bxc6 6. Bc4 Nf6 7. Nc3 Bb4
8. Bg5 h6 9. Bxf6 Qxf6 10. Qd2 Bb7 11. O-O O-O 12. Qxd7 Bd6 13. Qf5 Qd4 14. Bd3
g6 15. Qf3 Rab8 16. Rad1 Qe5 17. g3 Ba8 18. Na4 Kh7 19. Qe3 c5 20. f4 Qe8 21.
Nxc5 Qc6 22. Nb3 Rxb3 23. Kg2 Rxb2 24. h4 Re8 25. Kh3 f5 26. Qxa7 Bc5 27. Qa6
Qxa6 28. Bxa6 Bxe4 29. Rfe1 Rxc2 30. Rd7+ Re7 31. Rxe7+ Bxe7 32. Re2 Rxe2 33.
Bxe2 Ba3 34. g4 Bd5 35. gxf5 gxf5 36. Bd3 Be4 37. Bxe4 fxe4 38. Kg3 Kg6 39. Kf2
Kf5 40. Ke3 Bc5+ 41. Ke2 Kxf4 42. a4 Kg4 43. a5 Kxh4 44. a6 Kg4 45. Ke1 h5 0-1

[Event "22. Torneo San Viator"]
[Site "Madrid ESP"]
[Date "2014.05.25"]
[Round "8.50"]
[White "Santos Valdivia, Victor Manuel"]
[Black "Lavandeira Hermoso, Alvaro"]
[Result "1-0"]
[WhiteElo "1512"]
[BlackElo "1481"]
[PlyCount "31"]
[EventDate "2014.03.23"]
[EventType "swiss"]
[EventRounds "9"]
[EventCountry "ESP"]
[SourceTitle "Ajedrez en Madrid"]
[Source "lmi"]
[SourceDate "2014.03.23"]
[SourceVersion "1"]
[SourceVersionDate "2014.07.21"]
[SourceQuality "1"]

1. e4 e5 2. Nf3 Nc6 3. Bb5 Bc5 4. c3 d6 5. d4 exd4 6. cxd4 Bb4+ 7. Nc3 Bd7 8.
a3 Ba5 9. O-O a6 10. Bc4 b5 11. Ba2 Nge7 12. Ng5 O-O 13. Qh5 h6 14. Nxf7 Rxf7
15. Bxf7+ Kh8 16. Bxh6 1-0

[Event "22. Torneo San Viator"]
[Site "Madrid ESP"]
[Date "2014.05.25"]
[Round "8.51"]
[White "Garcia Carcedo, Jesus"]
[Black "Aranda Perez, Ivan"]
[Result "1-0"]
[WhiteElo "1778"]
[BlackElo "1440"]
[PlyCount "69"]
[EventDate "2014.03.23"]
[EventType "swiss"]
[EventRounds "9"]
[EventCountry "ESP"]
[SourceTitle "Ajedrez en Madrid"]
[Source "lmi"]
[SourceDate "2014.03.23"]
[SourceVersion "1"]
[SourceVersionDate "2014.07.21"]
[SourceQuality "1"]

1. d4 d5 2. Bf4 e6 3. Nf3 Nf6 4. e3 c5 5. c3 c4 6. Nbd2 Bd6 7. Bg3 Nc6 8. Ne5
Qc7 9. Nxc6 Bxg3 10. hxg3 Qxc6 11. a4 a5 12. b3 b5 13. axb5 Qxb5 14. bxc4 Qb2
15. Qc1 Qxc1+ 16. Rxc1 a4 17. c5 Ba6 18. Bxa6 Rxa6 19. Ra1 O-O 20. Ra3 Rb8 21.
Ke2 Rb2 22. Rb1 Rxb1 23. Nxb1 Ne4 24. Nd2 Nxd2 25. Kxd2 Kf8 26. c4 Ke7 27. cxd5
exd5 28. Kc3 Kd7 29. Kb4 Kc6 30. Rxa4 Rxa4+ 31. Kxa4 f5 32. Ka5 g6 33. Ka6 h6
34. Ka5 g5 35. f4 1-0

[Event "22. Torneo San Viator"]
[Site "Madrid ESP"]
[Date "2014.05.25"]
[Round "8.52"]
[White "Rufo Yebra, Benito"]
[Black "Diaz Del Prado, Carlos"]
[Result "0-1"]
[WhiteElo "1572"]
[BlackElo "1224"]
[PlyCount "56"]
[EventDate "2014.03.23"]
[EventType "swiss"]
[EventRounds "9"]
[EventCountry "ESP"]
[SourceTitle "Ajedrez en Madrid"]
[Source "lmi"]
[SourceDate "2014.03.23"]
[SourceVersion "1"]
[SourceVersionDate "2014.07.21"]
[SourceQuality "1"]

1. c4 Nf6 2. c5 g6 3. d4 Bg7 4. e3 d6 5. b4 O-O 6. Nf3 Nc6 7. a3 dxc5 8. bxc5
b6 9. Bb5 Bb7 10. cxb6 axb6 11. O-O e5 12. Bb2 e4 13. Ng5 Qd5 14. Bxc6 Bxc6 15.
Nh3 Nh5 16. Nc3 Qd6 17. Qb3 Bd7 18. Nxe4 Qe7 19. Ng3 Bxh3 20. gxh3 Qg5 21. a4
Rab8 22. Ba3 c5 23. Rad1 Rfd8 24. f4 Qd5 25. Qc2 cxd4 26. f5 Nxg3 27. hxg3 d3
28. Rxd3 Qxd3 0-1

[Event "22. Torneo San Viator"]
[Site "Madrid ESP"]
[Date "2014.05.25"]
[Round "8.53"]
[White "Olias Ruiz, Enrique"]
[Black "Munoz Munoz, Pablo Ii"]
[Result "0-1"]
[WhiteElo "1209"]
[BlackElo "1489"]
[PlyCount "98"]
[EventDate "2014.03.23"]
[EventType "swiss"]
[EventRounds "9"]
[EventCountry "ESP"]
[SourceTitle "Ajedrez en Madrid"]
[Source "lmi"]
[SourceDate "2014.03.23"]
[SourceVersion "1"]
[SourceVersionDate "2014.07.21"]
[SourceQuality "1"]

1. e4 c6 2. d4 d5 3. Nc3 dxe4 4. Nxe4 Nd7 5. Nf3 Ngf6 6. Qd3 Nxe4 7. Qxe4 Nf6
8. Qd3 e6 9. a3 Bd6 10. Be3 O-O 11. O-O-O b5 12. h3 Qc7 13. g3 Nd5 14. Ng5 g6
15. h4 Nxe3 16. Qxe3 h5 17. f4 Bd7 18. Bd3 c5 19. Be4 Bc6 20. d5 exd5 21. Bxg6
fxg6 22. Ne6 Rae8 23. Rhf1 Qf7 24. f5 Bd7 25. Rde1 gxf5 26. Qg5+ Kh8 27. Rxf5
Be7 28. Qh6+ Qh7 29. Rxh5 Rf7 30. g4 Qxh6+ 31. Rxh6+ Rh7 32. g5 Rxh6 33. gxh6
Bxh4 34. Rh1 Rxe6 35. Rxh4 Kh7 36. Rh5 Bc6 37. Rf5 a5 38. Kd2 Kxh6 39. Rf7 Be8
40. Rf5 Rd6 41. Re5 Bf7 42. Re7 Kg6 43. Rc7 c4 44. Rc5 Rb6 45. c3 Kf5 46. Ke3
Ke5 47. a4 bxa4 48. Rxa5 Be8 49. Ra8 Bc6 0-1

[Event "22. Torneo San Viator"]
[Site "Madrid ESP"]
[Date "2014.05.25"]
[Round "8.57"]
[White "Jimenez Perez, Federico"]
[Black "Trapero Bueno, Vicente"]
[Result "1-0"]
[WhiteElo "1301"]
[BlackElo "1188"]
[PlyCount "65"]
[EventDate "2014.03.23"]
[EventType "swiss"]
[EventRounds "9"]
[EventCountry "ESP"]
[SourceTitle "Ajedrez en Madrid"]
[Source "lmi"]
[SourceDate "2014.03.23"]
[SourceVersion "1"]
[SourceVersionDate "2014.07.21"]
[SourceQuality "1"]

1. e4 e6 2. d4 d5 3. e5 c5 4. Nf3 cxd4 5. Nxd4 a6 6. Bd3 Bc5 7. Be3 Nh6 8. c3
Nf5 9. Qg4 g6 10. Bg5 Be7 11. Bxe7 Qxe7 12. O-O O-O 13. Nd2 Nxd4 14. cxd4 Nc6
15. Nf3 f6 16. Qh4 fxe5 17. Qxe7 Nxe7 18. Nxe5 Nc6 19. Nxc6 bxc6 20. b4 Rf4 21.
Rac1 Bd7 22. Rfe1 Rxd4 23. Be2 Rxb4 24. h3 e5 25. Bg4 Bxg4 26. hxg4 Re4 27.
Rxe4 dxe4 28. Rxc6 Re8 29. Rxa6 Kg7 30. g5 h6 31. Ra7+ Kf8 32. gxh6 Re7 33.
Rxe7 1-0

[Event "22. Torneo San Viator"]
[Site "Madrid ESP"]
[Date "2014.06.01"]
[Round "9.1"]
[White "Elissalt Cardenas, Hector"]
[Black "Iturbide Arnedo, Oscar"]
[Result "1-0"]
[WhiteElo "2369"]
[BlackElo "2128"]
[PlyCount "91"]
[EventDate "2014.03.23"]
[EventType "swiss"]
[EventRounds "9"]
[EventCountry "ESP"]
[SourceTitle "Ajedrez en Madrid"]
[Source "lmi"]
[SourceDate "2014.03.23"]
[SourceVersion "1"]
[SourceVersionDate "2014.07.21"]
[SourceQuality "1"]

1. c4 g6 2. g3 Bg7 3. Bg2 e5 4. Nc3 d6 5. e3 Nc6 6. Nge2 h5 7. h3 h4 8. g4 f5
9. gxf5 Bxf5 10. d3 Qd7 11. Nd5 Nge7 12. e4 Be6 13. Bg5 Bxd5 14. cxd5 Nd8 15.
Bf3 Nf7 16. Be3 c5 17. Bg4 Qd8 18. Qa4+ Kf8 19. Be6 Bh6 20. O-O-O Bxe3+ 21.
fxe3 Kg7 22. Rhg1 Nh6 23. d4 cxd4 24. exd4 Rf8 25. dxe5 dxe5 26. Qb4 Rf2 27.
Nc3 b6 28. Rgf1 Rxf1 29. Rxf1 Nc8 30. Kb1 Nd6 31. Nb5 Nxb5 32. Qxb5 Qd6 33. Qc6
Rd8 34. a3 Kh8 35. Qc1 Kh7 36. Qg5 Rf8 37. Rxf8 Qxf8 38. Ka2 Qc5 39. Qd2 Qd4
40. b3 Qxe4 41. d6 Qa8 42. Qd5 Qd8 43. Qb7+ Kh8 44. Qe7 Qa8 45. Qg5 Qe4 46.
Qxh6# 1-0

[Event "22. Torneo San Viator"]
[Site "Madrid ESP"]
[Date "2014.06.01"]
[Round "9.2"]
[White "Renteria, Jorge"]
[Black "Molina Garcia, Francisco J"]
[Result "1-0"]
[WhiteElo "2299"]
[BlackElo "1849"]
[PlyCount "87"]
[EventDate "2014.03.23"]
[EventType "swiss"]
[EventRounds "9"]
[EventCountry "ESP"]
[SourceTitle "Ajedrez en Madrid"]
[Source "lmi"]
[SourceDate "2014.03.23"]
[SourceVersion "1"]
[SourceVersionDate "2014.07.21"]
[SourceQuality "1"]

1. e4 c5 2. Nf3 d6 3. Bb5+ Bd7 4. Bxd7+ Qxd7 5. c4 Nc6 6. O-O Nf6 7. Nc3 g6 8.
d4 cxd4 9. Nxd4 Bg7 10. Nde2 O-O 11. f3 Rfc8 12. b3 Qd8 13. Be3 a6 14. a4 Nd7
15. Rb1 Nb4 16. Kh1 Nc5 17. Qd2 Qc7 18. Bh6 Bxh6 19. Qxh6 Qd8 20. Rfd1 Qf8 21.
Qe3 Qg7 22. h3 Re8 23. f4 Rac8 24. Qf3 Qf6 25. Nd5 Nxd5 26. Rxd5 Ne6 27. Rbd1
Rc5 28. Qe3 Rec8 29. f5 Rxd5 30. exd5 Nc5 31. fxg6 hxg6 32. Nd4 Nd7 33. Nf3 b5
34. cxb5 axb5 35. axb5 Rc3 36. Rd3 Rxd3 37. Qxd3 Nc5 38. Qe3 Kf8 39. b4 Nd7 40.
b6 Qa1+ 41. Kh2 Qa8 42. Qc3 Nf6 43. Qc6 Qxc6 44. dxc6 1-0

[Event "22. Torneo San Viator"]
[Site "Madrid ESP"]
[Date "2014.06.01"]
[Round "9.3"]
[White "Gutierrez Lopez, Carlos"]
[Black "Garcia-Ruiz Fuentes, Angel M"]
[Result "1/2-1/2"]
[WhiteElo "2115"]
[BlackElo "2025"]
[PlyCount "114"]
[EventDate "2014.03.23"]
[EventType "swiss"]
[EventRounds "9"]
[EventCountry "ESP"]
[SourceTitle "Ajedrez en Madrid"]
[Source "lmi"]
[SourceDate "2014.03.23"]
[SourceVersion "1"]
[SourceVersionDate "2014.07.21"]
[SourceQuality "1"]

1. e4 c5 2. Nf3 d6 3. d4 cxd4 4. Qxd4 Nc6 5. Bb5 Bd7 6. Bxc6 Bxc6 7. Nc3 e5 8.
Qd3 h6 9. O-O Nf6 10. Nd2 d5 11. exd5 Nxd5 12. Nxd5 Qxd5 13. Qxd5 Bxd5 14. Re1
Bd6 15. c4 Bc6 16. c5 Bc7 17. f4 O-O 18. fxe5 Rad8 19. b4 Rfe8 20. Nc4 Rd4 21.
Nd6 Bxd6 22. cxd6 Rxd6 23. Kf2 Rd4 24. a3 Rc4 25. Ra2 Be4 26. Bf4 Bb1 27. Rxb1
Rxf4+ 28. Kg3 Re4 29. Rc1 R8xe5 30. Rc7 Re7 31. Rac2 Re3+ 32. Kf2 Re2+ 33. Kf1
Kh7 34. Rxe7 Rxe7 35. Kf2 Kg6 36. Rc5 Kf6 37. h4 g6 38. g4 b6 39. Rc3 a5 40.
bxa5 bxa5 41. Kf3 Rb7 42. Kf4 Rb5 43. Rc6+ Ke7 44. Rc7+ Ke6 45. Ra7 Rc5 46.
Ra6+ Kd5 47. h5 Rc4+ 48. Kf3 Rc3+ 49. Ke2 Rxa3 50. hxg6 fxg6 51. Rxg6 Ke4 52.
Rxh6 Ra2+ 53. Kd1 Kf4 54. Rg6 a4 55. Kc1 a3 56. Kb1 Rg2 57. Ra6 Rxg4 1/2-1/2

[Event "22. Torneo San Viator"]
[Site "Madrid ESP"]
[Date "2014.06.01"]
[Round "9.4"]
[White "Bermejo Arruego, Luis"]
[Black "Andalon Gomez, Carlos J"]
[Result "0-1"]
[WhiteElo "2175"]
[BlackElo "2000"]
[PlyCount "78"]
[EventDate "2014.03.23"]
[EventType "swiss"]
[EventRounds "9"]
[EventCountry "ESP"]
[SourceTitle "Ajedrez en Madrid"]
[Source "lmi"]
[SourceDate "2014.03.23"]
[SourceVersion "1"]
[SourceVersionDate "2014.07.21"]
[SourceQuality "1"]

1. e4 Nc6 2. d4 d5 3. e5 Bf5 4. f4 e6 5. Nf3 f6 6. Bd3 Nge7 7. O-O Bxd3 8. Qxd3
Qd7 9. c3 O-O-O 10. b4 fxe5 11. fxe5 Nf5 12. a4 h6 13. a5 g5 14. b5 Nce7 15. b6
cxb6 16. axb6 a6 17. Rf2 Qc6 18. Rb2 Kb8 19. Nbd2 Rc8 20. Rb3 g4 21. Ne1 h5 22.
Nc2 Ng6 23. Ba3 Bh6 24. g3 Bxd2 25. Qxd2 Qc4 26. Rab1 h4 27. Ne3 Nxe3 28. Bd6+
Ka8 29. Qxe3 hxg3 30. Qxg3 Nh4 31. R3b2 Nf3+ 32. Kh1 Rh3 33. Qxg4 Rch8 34. Qf4
Qxc3 35. Rf2 Rxh2+ 36. Rxh2 Rxh2+ 37. Qxh2 Nxh2 38. Rg1 Ng4 39. Rf1 Qh3+ 0-1

[Event "22. Torneo San Viator"]
[Site "Madrid ESP"]
[Date "2014.06.01"]
[Round "9.5"]
[White "Aziz Ortego, Omar Luis"]
[Black "Bolea Jover, Jose"]
[Result "0-1"]
[WhiteElo "2107"]
[BlackElo "2035"]
[PlyCount "110"]
[EventDate "2014.03.23"]
[EventType "swiss"]
[EventRounds "9"]
[EventCountry "ESP"]
[SourceTitle "Ajedrez en Madrid"]
[Source "lmi"]
[SourceDate "2014.03.23"]
[SourceVersion "1"]
[SourceVersionDate "2014.07.21"]
[SourceQuality "1"]

1. e4 c5 2. c4 Nc6 3. Nf3 g6 4. d4 cxd4 5. Nxd4 Bg7 6. Nc2 Qb6 7. Nd2 Nf6 8.
Be2 O-O 9. O-O d6 10. Kh1 Nd4 11. f3 Be6 12. Ne3 Rac8 13. Rb1 Qa6 14. a3 Nxe2
15. Qxe2 d5 16. b3 Bh6 17. exd5 Nxd5 18. Nxd5 Bxd5 19. Qxe7 Rfe8 20. Qh4 Be3
21. Bb2 g5 22. Qg4 Be6 23. Qg3 Bf4 24. Qf2 Bf5 25. Ne4 Bxe4 26. fxe4 Qg6 27.
Qxa7 Rxe4 28. Rbe1 Qh5 29. Qg1 Bxh2 30. Qxh2 Rh4 31. Qxh4 Qxh4+ 32. Kg1 Qg3 33.
Re5 Rd8 34. Rfe1 h5 35. R5e3 Qg4 36. Re4 Qf5 37. Re5 Qg4 38. R5e4 Qg3 39. R4e3
Qd6 40. b4 Qc6 41. c5 Rd2 42. R1e2 Rxe2 43. Rxe2 Qd5 44. Kf2 f5 45. Ke1 f4 46.
g3 fxg3 47. Re5 Qh1+ 48. Kd2 Qg2+ 49. Kc3 Qf3+ 50. Kc4 Qf4+ 51. Bd4 g2 52. Kd5
h4 53. Bg1 h3 54. Re8+ Kf7 55. Rh8 Qf5+ 0-1

[Event "22. Torneo San Viator"]
[Site "Madrid ESP"]
[Date "2014.06.01"]
[Round "9.6"]
[White "Medrano Del Val, Julio"]
[Black "Rosa Ramirez, Victor D"]
[Result "0-1"]
[WhiteElo "1794"]
[BlackElo "1989"]
[PlyCount "150"]
[EventDate "2014.03.23"]
[EventType "swiss"]
[EventRounds "9"]
[EventCountry "ESP"]
[SourceTitle "Ajedrez en Madrid"]
[Source "lmi"]
[SourceDate "2014.03.23"]
[SourceVersion "1"]
[SourceVersionDate "2014.07.21"]
[SourceQuality "1"]

1. d4 Nf6 2. Nf3 e6 3. g3 d5 4. Bg2 Bd6 5. Bg5 Nbd7 6. O-O h6 7. Bc1 O-O 8.
Nbd2 c6 9. Ne1 e5 10. dxe5 Nxe5 11. Nd3 Nfg4 12. Nf3 f6 13. h3 Nxf3+ 14. exf3
Ne5 15. f4 Nf7 16. b3 Bf5 17. a4 Re8 18. Be3 b6 19. Nb2 Qd7 20. g4 Be4 21. c4
Bc5 22. Re1 d4 23. Bd2 Bxg2 24. Kxg2 Bf8 25. Nd3 c5 26. Qf3 Nd6 27. a5 Qb7 28.
Rxe8 Qxf3+ 29. Kxf3 Rxe8 30. axb6 axb6 31. Re1 Kf7 32. Rxe8 Kxe8 33. f5 Kd7 34.
Nf4 Ne8 35. h4 Kc6 36. Ne6 Be7 37. Ke4 Nd6+ 38. Kd3 Ne8 39. f4 Kd7 40. h5 Kd6
41. b4 Kd7 42. bxc5 bxc5 43. Ke4 Kc6 44. Ba5 Nd6+ 45. Kd3 Ne8 46. Bd8 Bd6 47.
g5 Kd7 48. Ke4 fxg5 49. fxg5 Bb8 50. Nxg7 Nd6+ 51. Kd3 Kxd8 52. gxh6 Ba7 53. f6
Nf7 54. h7 Kd7 55. Ke4 Ng5+ 56. Ke5 Nxh7 57. Kf5 d3 58. Kg6 Nxf6 59. Kxf6 d2
60. h6 d1=Q 61. Nf5 Qa1+ 62. Kg6 Qh8 63. h7 Ke6 64. Ng7+ Ke5 65. Kh6 Kf6 66.
Nh5+ Kf7 67. Nf4 Qg7+ 68. Kh5 Qxh7+ 69. Kg5 Bb8 70. Nd5 Qg6+ 71. Kh4 Qd3 72.
Kh5 Qf3+ 73. Kg5 Be5 74. Kh4 Bf6+ 75. Nxf6 Qxf6+ 0-1

[Event "22. Torneo San Viator"]
[Site "Madrid ESP"]
[Date "2014.06.01"]
[Round "9.7"]
[White "Sotoca Aguado, Jose"]
[Black "Garcia-Osorio Prado, Miguel A"]
[Result "0-1"]
[WhiteElo "1964"]
[BlackElo "1742"]
[PlyCount "132"]
[EventDate "2014.03.23"]
[EventType "swiss"]
[EventRounds "9"]
[EventCountry "ESP"]
[SourceTitle "Ajedrez en Madrid"]
[Source "lmi"]
[SourceDate "2014.03.23"]
[SourceVersion "1"]
[SourceVersionDate "2014.07.21"]
[SourceQuality "1"]

1. e4 c5 2. Nf3 e6 3. d4 cxd4 4. Nxd4 a6 5. Nc3 Qc7 6. Be3 b5 7. Bd3 Bb7 8. O-O
Nf6 9. f3 Be7 10. Qe2 Nc6 11. Nb3 d6 12. Rad1 O-O 13. Qf2 Rac8 14. Rd2 Ne5 15.
Bb6 Qb8 16. Rfd1 b4 17. Ne2 d5 18. exd5 Nxd5 19. Bc5 Qc7 20. Bxe7 Qxe7 21. Na5
Nxd3 22. cxd3 Ba8 23. Ng3 Rc7 24. d4 Nf6 25. Nb3 Bd5 26. Nc5 a5 27. Qe3 Qd6 28.
Nge4 Bxe4 29. Nxe4 Nd5 30. Qe2 Qb6 31. Nc5 Rfc8 32. g3 h6 33. Kg2 Qc6 34. h4 a4
35. Rc1 Qd6 36. Re1 a3 37. bxa3 bxa3 38. Qd3 Nb6 39. Rb1 Rd8 40. Ne4 Qc6 41.
Qb5 Qxb5 42. Rxb5 Nc4 43. Rd3 Rcd7 44. d5 Rxd5 45. Rdxd5 Rxd5 46. Rb4 Ne3+ 47.
Kf2 Nc2 48. Rc4 Nd4 49. Nc3 Rd8 50. Nb1 Rb8 51. Nxa3 Rb2+ 52. Ke3 Nf5+ 53. Kf4
Rxa2 54. Nb5 Rh2 55. Rc8+ Kh7 56. Rc7 Kg6 57. Na7 Kf6 58. Nc8 g5+ 59. hxg5+
hxg5+ 60. Ke4 Re2+ 61. Kd3 Re3+ 62. Kd2 Rxf3 63. g4 Nh6 64. Nd6 Rf4 65. Ne8+
Kg6 66. Nd6 Rd4+ 0-1

[Event "22. Torneo San Viator"]
[Site "Madrid ESP"]
[Date "2014.06.01"]
[Round "9.8"]
[White "Alonso Abad, Enrique"]
[Black "Rodriguez Bittar, Karim Javier"]
[Result "1-0"]
[WhiteElo "1917"]
[BlackElo "1787"]
[PlyCount "117"]
[EventDate "2014.03.23"]
[EventType "swiss"]
[EventRounds "9"]
[EventCountry "ESP"]
[SourceTitle "Ajedrez en Madrid"]
[Source "lmi"]
[SourceDate "2014.03.23"]
[SourceVersion "1"]
[SourceVersionDate "2014.07.21"]
[SourceQuality "1"]

1. d4 Nf6 2. c4 e6 3. g3 d5 4. Nf3 b6 5. Bg2 Bb7 6. cxd5 exd5 7. Nc3 Be7 8. O-O
O-O 9. Bf4 Bd6 10. Bxd6 Qxd6 11. Rc1 Nc6 12. Nh4 g6 13. a3 Rfe8 14. Re1 a6 15.
b4 Rad8 16. e3 Kg7 17. Nf3 Re7 18. Na4 Ne4 19. Nb2 f6 20. h4 Qd7 21. Nd3 Na7
22. a4 Nc8 23. Nf4 Ncd6 24. Bh3 Qe8 25. Nd2 Nxd2 26. Qxd2 Nc4 27. Qe2 f5 28. g4
fxg4 29. Bxg4 Rd6 30. Qa2 Rf6 31. Nd3 Re4 32. Qe2 h5 33. Bf3 Rxh4 34. Nf4 c6
35. b5 axb5 36. axb5 Qf7 37. bxc6 Bxc6 38. Bg2 g5 39. Nd3 Qc7 40. f4 Rg6 41.
Ne5 Nxe5 42. fxe5 Qd7 43. Rc3 Bb5 44. Qf2 Bc4 45. e4 Rc6 46. Rg3 Rg4 47. exd5
Bxd5 48. Bxd5 Rxg3+ 49. Qxg3 Qxd5 50. Qf2 Rc7 51. Qf6+ Kh7 52. e6 Qd6 53. Qf5+
Kh6 54. Qe5 Qe7 55. d5 Qc5+ 56. Qe3 Qxd5 57. e7 Rc2 58. Qe6+ Qxe6 59. Rxe6+ 1-0